000
00216nam a22001097a 4500
041
_a
ENG
100
_a
Barre.H.J
245
_a
Farm Structures
260
_a
Delhi
_b
ICAR
_c
1997
650
_a
FS (29)
856
_u
FS (29)
999
_c
3051
_d
3051